Statistiken für Allgemeinwissen der Geschichte #7

Klicken Sie hier um das Quiz zu spielen!

Allgemein

  • Dieses Quiz wurde 2.243 mal gespielt
  • Das Durchschnittsergebnis liegt bei 11 aus 20

Antwortstatistiken

FrageAntwort% Korrekt
Welche imaginäre Grenze trennte das demokratische vom kommunistischen Europa?{Eiserner} Vorhang
89%
Mit welcher Flotte von Kriegsschiffen kämpfte Spanien 1588 gegen England?Spanische {Armada}
78%
Auf welcher Pazifikinsel bauten Inselbewohner riesige Statuen, genannt Moai?Osterinsel
77%
Welches Land wurde einst von Generälen, genannt Shogun, geführt?Japan
76%
Wo fand 1954 das WM-Finalspiel zwischen der BRD und Ungarn statt?in Bern
75%
Welcher britische Monarch hatte den Titel "Kaiserin von Indien"?Königin Victoria
60%
Was war das höchste menschengemachte Gebäude im Jahre 1900?Eiffelturm
60%
Welches deutsche Nationalgericht war im 1. Weltkrieg in den USA als
"liberty cabbage" bekannt?
Sauerkraut
59%
In welchem modernen Land wurde der Zweite Burenkrieg ausgetragen?Südafrika
58%
Welches moderne Land war einst die größte und ertragreichste Kolonie der Niederlande?Indonesien
54%
Wie lautet der Name der antiken Region zwischen dem Tigris und dem Euphrat?Mesopotamien
53%
Was schrieben sowohl Karl Marx als auch der Unabomber?ein Manifest
53%
Wessen "kleines rotes Buch" von Zitaten wurde eine Milliarde mal gedruckt?Mao Zedong
48%
Wer verbrachte die Jahre 1964 bis 1982 auf der Gefängnisinsel Robben Island?Nelson Mandela
46%
Was begann am 29. Oktober 1929 und dauerte ungefähr ein Jahrzehnt?Große Depression
45%
Welcher Club gewann 1964 die erste Fußball-Bundesliga?1. FC Köln
43%
Welches Land wurde von "Papa Doc" und "Baby Doc" Duvalier regiert?Haiti
36%
Welcher Deutsche erhielt 1901 den 1. Nobelpreis für Physik?Wilhelm Conrad
Röntgen
31%
Welche französischsprachige Gruppe liess sich in Louisiana nieder,
nachdem sie aus Ostkanada vertrieben wurden?
Akadier
12%
Welcher mexikanische General schlug die Texaner am Alamo?Antonio López de
Santa Anna
8%

Verteilung der Resultate

Perzentil nach korrekt beantworteten Fragen

Anzahl Personen mit jedem Resultat

Ihre Resultats-Entwicklung

Sie haben dieses Quiz noch nicht gespielt